| 000 | 00748nam a22002057a 4500 | ||
|---|---|---|---|
| 999 |
_c61705 _d61705 |
||
| 005 | 20240418163105.0 | ||
| 008 | 240418s2007 enk||||| |||| 00| 0 eng d | ||
| 020 | _a9780443071799x | ||
| 041 | _aeng | ||
| 080 | _a616.8 M-65 | ||
| 100 |
_aMichael-Titus, Adina T. _921871 |
||
| 245 |
_aThe Nervous System: _bBasic Science and Clinical Conditions / _cAdina T. Michael-Titus, Patricia Revest, Peter Shortland. |
||
| 264 |
_aLondon : _b Churchill Livingstone, _c2007. |
||
| 300 |
_a371 p.: _bill. ; _c28 cm. |
||
| 653 | _aნერვული სისტემა | ||
| 653 | _aმედიცინა | ||
| 700 |
_aRevest, Patricia _eავტორი _921872 |
||
| 700 |
_aShortlan, Peter _eავტორი _921873 |
||
| 942 |
_2udc _cBK |
||